Spanish Nouns by Vowel: E Quiz Stats

 Plays Quiz not verified by Sporcle

Also try: 30 Ways to say USA
Challenge
Share
Tweet
Score 0/12 Timer 04:00
0 Plays Today
% Correct
Elefante (Elephant)
98.9%
Espárragos (Asparagus)
91.2%
Esmeralda (Emerald)
90.1%
Estrella (Star)
90.1%
Escalera (Stairs)
89%
Estatua (Statue)
86.8%
Establo (Barn)
80.2%
Estufa (Stove)
78%
Espada (Sword)
69.2%
Esturión (Sturgeon)
63.7%
Engrane (Gear)
62.6%
Estornino (Starling)
46.2%

You're not logged in!

Compare scores with friends on all Sporcle quizzes.
OR
Log In

You Might Also Like...

Show Comments

Extras

Top Quizzes Today


Score Distribution

Your Account Isn't Verified!

In order to create a playlist on Sporcle, you need to verify the email address you used during registration. Go to your Sporcle Settings to finish the process.

Report this User

Report this user for behavior that violates our Community Guidelines.

Details: